00470nam a2200193Ia 4500008004100000020001800041050001400059100002000073245001400093245003600107245002000143260001500163260002900178260000900207300001500216300002700231300001000258500000800268170918s9999 xx 000 0 und d a9781409504832 bB893 2010 aBrumpton, Keith aDino FC : bterror on the training ground / cKeith Brumpton. aNew York : bUsborne Publishing Ltd., c2010 a89 pages : bcolored illustration ; c20cm. a720